| 000 | 00452nam a22001457a 4500 | ||
|---|---|---|---|
| 020 | _a9786035000611 | ||
| 040 | _cNUST | ||
| 082 | _a610.917671 YUS | ||
| 100 |
_aYusuf Al-Hajj Ahmad _988319 |
||
| 110 |
_a Nasiruddin Khattab, Huda Khattab _988754 |
||
| 245 | _aIslamic Medicine : The Key to a Better Life | ||
| 260 |
_aRiyadh: _bMaktaba Dar-us-Salam, _c2010. |
||
| 650 |
_aIslam Medicine, Medicine, Arab, Abdul Nasir Khattab _988755 |
||
| 942 |
_2ddc _cBK |
||
| 999 |
_c587577 _d587577 |
||